Údržba melioračných stavieb

Salvato in:
Dettagli Bibliografici
Autore principale: Podstavek, Bohumil (Autore)
Natura: Libro
Lingua:slovacco
Pubblicazione: Bratislava : SVPL, 1963
Edizione:1.vyd.
Tags: Aggiungi Tag
Nessun Tag, puoi essere il primo ad aggiungerne!!

MARC

LEADER 00000nam a22000003a 4500
001 stu270827
005 20150617230232.2
008 130711s--------cs------------------slo-d
040 |a STU  |b slo 
041 0 |a slo 
044 |a cs 
100 1 |a Podstavek, Bohumil  |4 aut 
245 1 |a Údržba melioračných stavieb 
250 |a 1.vyd. 
260 |a Bratislava :  |b SVPL,  |c 1963 
300 |a 157 s 
996 |b 284V035330  |c V*5988/O-561  |l VVS  |s A  |a 24  |w stu270827_0001